Lexikon der Politikwissenschaft : Theorien, Methoden, Begriffe /

-д хадгалсан:
Номзүйн дэлгэрэнгүй
Үндсэн зохиолч: Nohlen, Dieter (edición)
Бусад зохиолчид: Schultze, Rainer-Olaf (edición) (edición)
Формат: Ном
Хэл сонгох:German
Хэвлэсэн: Munich, Alemania : C.H. Beck, 2004, c2002
Шошгууд: Шошго нэмэх
Шошго байхгүй, Энэхүү баримтыг шошголох эхний хүн болох!

MARC

LEADER 00000nam^a2200000^a^4500
001 000558643
005 20250521000000.0
009 20260310131826.035
020 |a 3-406-51126-0 
020 |a 3-406-51127-9 
037 |a Acervo ITESO - Biblioteca 
041 |a ALE 
091 |a FGM. 00669 
100 |a Nohlen, Dieter  |e (edición) 
245 1 0 |a Lexikon der Politikwissenschaft :  |b Theorien, Methoden, Begriffe / 
264 4 |a Munich, Alemania :  |b C.H. Beck,  |c 2004, c2002 
300 |a 2 v. (1146 p.) 
336 |a texto  |b txt  |2 rdacontenido 
337 |a sin mediación  |b n  |2 rdamedio 
338 |a volumen  |b nc  |2 rdasoporte 
649 |a XX 
700 |a Schultze, Rainer-Olaf  |e (edición) 
910 |a Fondo Efraín González Morfín 
920 |a Impresos - Libros 
930 |a Fondos Especiales 
905 |a 130 
901 |a 0500391267  |b IT2  |c ESL  |i D92028  |u 20250521 
901 |a 0500391264  |b IT2  |c ESL  |i D92027  |u 20250521 
902 |a https://opac.biblio.iteso.mx/vufind/Record/000558643